Top 15 most streamed Drake songs - Statistics

General Stats
  • This quiz has been taken 318 times
    105 since last reset
  • The average score is 7 of 15
Answer Stats
Rank Streams Songs % Correct
1. 3,714,669,990 One Dance
89%
2. 2,821,035,277 God's Plan
86%
4. 1,484,816,797 Hotline Bling
82%
3. 1,919,888,460 Passionfruit
77%
5. 1,464,098,744 In My Feelings
52%
10. 1,142,321,689 Toosie Slide
44%
6. 1,392,666,848 Nice For What
42%
7. 1,224,551,408 Nonstop
38%
8. 1,195,431,530 Jimmy Cooks
36%
15. 991,207,380 Fair Trade
35%
9. 1,160,971,806 Hold On, We're Going Home
32%
11. 1,128,087,580 Too Good
29%
13. 1,057,404,429 Money In The Grave
27%
12. 1,065,346,166 Laugh Now Cry Later
26%
14. 1,013,356,996 Fake Love
18%
No matching quizzes found
Score Distribution
Percent of People with Each Score
Percentile by Number Answered
Your Score History
You have not taken this quiz since the last reset